Los hermanos Karamazov

Uloženo v:
Podrobná bibliografie
Hlavní autor: Dostoievski, Fedor (Autor)
Médium: Kniha
Jazyk:španělština
Vydáno: Buenos Aires Gradifco 2009
Vydání:1a. ed
Edice:Letras Selectas
Témata:
Tagy: Přidat tag
Žádné tagy, Buďte první, kdo vytvoří štítek k tomuto záznamu!

MARC

LEADER 00000cam a2200000 a 4500
001 UCG9536
003 CL-VaPUC
008 120323e20090000AG |||||||||||||||||spa|d
020 |a 9789875710856 
082 0 4 |a 891.703  |b DOS  |2 21 
100 |a Dostoievski, Fedor  |e author  |9 267773 
245 1 4 |a Los hermanos Karamazov 
250 |a 1a. ed 
300 |a 752 p 
942 |c BK 
945 |d 20120323 00:00:00  |a cmena 
260 |a Buenos Aires  |b Gradifco  |c 2009 
650 0 |a Novelas rusas   |9 316330 
650 0 |a Literatura rusa  |9 318370 
583 |a last modification  |c 20120323 11:52:00  |k Rodrigo Vera 
490 0 |a Letras Selectas 
999 |c 347084  |d 347082